I. Procès-verbaux des séances : II. Rapports de la deuxième Commission /
Corporate Author:
Format: Book
Language: French
Published:
Le Caire :
[publisher not identified],
1884-90.
Subjects:
Tags: Add Tag
Call Number: ( R )NA1581 .A3 1884.
| LEADER | 00801namaa2200193 4500 | ||
|---|---|---|---|
| 001 | 24806 | ||
| 005 | 20221107134639.0 | ||
| 008 | 130303m18841890ua g 000 0 fre d | ||
| 952 | |0 0 |1 0 |2 lcc |4 0 |7 1 |9 43137 |a ARCE |b ARCE |d 2022-11-07 |l 0 |o ( R )NA1581 .A3 1884. |p 1035490 |r 2022-11-07 00:00:00 |w 2022-11-07 |y BK | ||
| 999 | |c 23163 |d 23163 | ||
| 040 | |c ARCE Library | ||
| 050 | 4 | |a ( R )NA1581 .A3 1884. | |
| 110 | 2 | |a Comité de Conservation des Monuments de l'Art Arabe (Le Caire, Egypte), | |
| 245 | 1 | 0 | |a I. Procès-verbaux des séances : |b II. Rapports de la deuxième Commission / |c by Comité de Conservation des Monuments de l'Art Arabe (CAIRO). |
| 264 | 1 | |a Le Caire : |b [publisher not identified], |c 1884-90. | |
| 300 | |a xxxii, 25 pages ; |c 28 cm. | ||
| 651 | 0 | |a Egypt |x Antiquities. | |
| 901 | |a reviewed | ||
| 942 | |c BK |2 lcc | ||
